000
00342 a2200157 4500
001
56648
020
_a
9788502083943
040
_c
Anchieta - Pituba
100
_a
Martinelli, Tânia Alexandre
240
1
0
_a
Perseguição
_l
por
245
1
0
_a
Perseguição
300
_a
104
362
0
_a
2009
650
4
_a
Literatura juvenil
942
_c
BK
999
_c
56648
_d
56648